| 000 | 00681nam a2200217 a 4500 | ||
|---|---|---|---|
| 001 | 50164 | ||
| 003 | BD-RjUL | ||
| 005 | 20211209075452.0 | ||
| 008 | 160824s1952 enk 000 0 eng | ||
| 035 | _a(BD-RjUL)50284 | ||
| 040 |
_aBD-RjUL _cDGW _dBD-RjUL _beng |
||
| 041 | _aeng | ||
| 082 |
_a371.0094273 _222 _bHOI 1952 |
||
| 100 | 1 |
_aHolmes, Gerard _9150364 |
|
| 245 | 1 | 4 |
_aThe idiot teacher : _ba book about Prestolee school and its headmaster, E. F. O'Neill / _cGerard Holmes |
| 260 |
_aLondon : _bFaber and Faber, _c[1952] |
||
| 300 |
_a200 p. ; _c21 cm. |
||
| 600 | 1 | 0 |
_aO'Neill, Edward F., _9150365 |
| 651 | 0 |
_aPrestolee, Eng. _xElementary schools. _9150366 |
|
| 942 |
_2ddc _cBK |
||
| 999 |
_c50164 _d50164 |
||